000 00287nam a22001217a 4500
008 170804b xxu||||| |||| 00| 0 eng d
041 _aeng
080 _a004
100 _a33
101 _aSHK
245 _aTHE LOGIC DESIGN OF TRANSISTOR DIGITAL COMPUTERS
_cMALEY,G.A
942 _2udc
_cBK
999 _c22660
_d22660